Thesis Open Access
Wubeshet Molallegn
<?xml version='1.0' encoding='UTF-8'?>
<record xmlns="http://www.loc.gov/MARC21/slim">
<leader>00000nam##2200000uu#4500</leader>
<controlfield tag="005">20260105062020.0</controlfield>
<controlfield tag="001">23914</controlfield>
<datafield tag="856" ind1="4" ind2=" ">
<subfield code="s">1210791</subfield>
<subfield code="z">md5:af51ed180d8b887d0518ed482f5abb24</subfield>
<subfield code="u">https://zenodo.org/record/23914/files/Wubeshet Final Thesis..pdf</subfield>
</datafield>
<datafield tag="542" ind1=" " ind2=" ">
<subfield code="l">open</subfield>
</datafield>
<datafield tag="260" ind1=" " ind2=" ">
<subfield code="c">2026-01-05</subfield>
</datafield>
<datafield tag="909" ind1="C" ind2="O">
<subfield code="o">oai:zenodo.org:23914</subfield>
</datafield>
<datafield tag="100" ind1=" " ind2=" ">
<subfield code="a">Wubeshet Molallegn</subfield>
</datafield>
<datafield tag="245" ind1=" " ind2=" ">
<subfield code="a">The Effectiveness of Consumer-Based Brand Equity (CBBE) Model for a Country behind: Branding Ethiopia as a Tourist Destination: Domestic Tourist Perspective in Debere Markos.</subfield>
</datafield>
<datafield tag="540" ind1=" " ind2=" ">
<subfield code="u">http://www.opendefinition.org/licenses/cc-by</subfield>
<subfield code="a">Creative Commons Attribution</subfield>
</datafield>
<datafield tag="650" ind1="1" ind2="7">
<subfield code="a">cc-by</subfield>
<subfield code="2">opendefinition.org</subfield>
</datafield>
<datafield tag="520" ind1=" " ind2=" ">
<subfield code="a"><p>The Effectiveness of Consumer-Based Brand Equity (CBBE) Model for a Country behind: Branding Ethiopia as a Tourist Destination: Domestic Tourist Perspective in Debere Markos.</p></subfield>
</datafield>
<datafield tag="773" ind1=" " ind2=" ">
<subfield code="n">doi</subfield>
<subfield code="i">isVersionOf</subfield>
<subfield code="a">10.20372/nadre:23913</subfield>
</datafield>
<datafield tag="024" ind1=" " ind2=" ">
<subfield code="a">10.20372/nadre:23914</subfield>
<subfield code="2">doi</subfield>
</datafield>
<datafield tag="980" ind1=" " ind2=" ">
<subfield code="a">publication</subfield>
<subfield code="b">thesis</subfield>
</datafield>
</record>
| All versions | This version | |
|---|---|---|
| Views | 0 | 0 |
| Downloads | 0 | 0 |
| Data volume | 0 Bytes | 0 Bytes |
| Unique views | 0 | 0 |
| Unique downloads | 0 | 0 |